| 000 | 02907cam a2200313 i 4500 | ||
|---|---|---|---|
| 001 | 12467901 | ||
| 005 | 20260306125127.0 | ||
| 008 | 220210t20222022nyu e 000 0 eng d | ||
| 020 |
_a9780143136439 _q(paperback) |
||
| 020 |
_a0143136437 _q(paperback) |
||
| 024 | _a99992623700 | ||
| 035 | _a(OCoLC)on1296116911 | ||
| 035 | _a(CaBVaU)12467901 | ||
| 040 |
_aYDX _beng _cYDX _erda _dTOH _dAZH _dUKMGB _dOCLCF _dJCX _dGO6 _dILC _dIUO _dVP@ _dBKL _dCPO _dRNL _dNhCcYME _dUtOrBLW |
||
| 041 | _aEnglish | ||
| 050 | 0 | 0 |
_aHT1563 _b.J33 2022 |
| 100 |
_aJackson, Regina, - 1950- _926830 |
||
| 245 | 1 | 0 |
_aWhite women _b: everything you already know about your own racism and how to do better _c/ Regina Jackson and Saira Rao. |
| 264 | 1 |
_a[New York] : _bPenguin Random House LLC, _c[2022] |
|
| 300 |
_axlvii, 173 pages ; _c20 cm |
||
| 505 | _aYour Quest for Perfection Is Killing Us. And You. — White Feminism: The Lie That Binds You — Niceness Is Not Kindness — White Women Love to Police Tone — White Women Weaponize Their Tears — White Women and Exceptionalism — “Microaggressions” and How You Kill Us at Work — White Women and White Silence — White Women and White Solidarity — Conclusion: Now What? | ||
| 520 |
_a"It's no secret that white women are conditioned to be nice, but did you know that the desire to be perfect and to avoid conflict at all costs are characteristics of white supremacy culture? As the founders of Race2Dinner, an organization which facilitates conversations between white women about racism and white supremacy, Regina Jackson and Saira Rao have noticed white women's tendency to maintain a veneer of niceness, and strive for perfection, even at the expense of anti-racism work. In this book, Jackson and Rao pose these urgent questions: how has being nice helped Black women, Indigenous women and other women of color? How has being nice helped you in your quest to end sexism? Has being nice earned you economic parity with white men? Beginning with freeing white women from this oppressive need to be nice, they deconstruct and analyze nine aspects of traditional white woman behavior--from tone-policing to weaponizing tears--that uphold white supremacy society, and hurt all of us who are trying to live a freer, more equitable life. White Women is a call to action to those of you who are looking to take the next steps in dismantling white supremacy. Your white supremacy. If you are in fact doing real anti-racism work, you will find few reasons to be nice, as other white people want to limit your membership in the club. If you are not ticking white people off on a regular basis, you are not doing it right."-- _cProvided by publisher. |
||
| 650 | 0 |
_aAnti-racism _926668 |
|
| 650 | 0 |
_aWomen, White - Attitudes. _926831 |
|
| 650 | 0 |
_aWomen, White - Race identity. _926832 |
|
| 650 | 0 |
_aRacism _911980 |
|
| 700 |
_aRao, Saira, _eauthor. _926833 |
||
| 942 | _2lcc | ||
| 999 |
_c5394 _d5394 |
||